| 000 | 00925nam a2200277 4500 | ||
|---|---|---|---|
| 001 | 149110 | ||
| 003 | ES-MaACL | ||
| 005 | 20250813060707.0 | ||
| 007 | t| | ||
| 008 | 070214s1977 sp r ||||1| spa d | ||
| 017 |
_aM 10955-1977 _bOficina Depósito Legal Madrid |
||
| 020 | _a84-276-0380-0 | ||
| 080 | _a289.4 | ||
| 100 | 1 |
_aSwedenborg, Emanuel, _d1688-1772 _eaut _9153965 |
|
| 245 | 1 | 0 |
_aAntología / _cInmanuel Swedenborg ; [edición preparada por Jesús Imirizaldu] |
| 260 |
_aMadrid : _bEd. Nacional, _c[1977] |
||
| 300 |
_a242 páginas ; _c18 cm |
||
| 490 | 1 |
_aLibros de bolsillo (Editora Nacional) _9241563 |
|
| 655 | 4 |
_aAntologías _9176540 |
|
| 700 | 1 |
_aImirizaldu, Jesús _epbl _965220 |
|
| 830 | 0 |
_aLibros de bolsillo (Editora Nacional) _9241563 |
|
| 852 |
_aES-MaACL _bR.96215 _cSPP1 _jA-7897 |
||
| 942 |
_2udc _cMONOGRAFIA _n0 |
||
| 999 |
_c149110 _d149110 |
||